| 000 | 00699nam a22002417a 4500 | ||
|---|---|---|---|
| 005 | 20160122094945.0 | ||
| 008 | 110708s2011 nyua 001 0 eng | ||
| 020 | _a9780071751292 (pbk.) | ||
| 020 | _a0071751297 (pbk.) | ||
| 041 | 0 | _aeng | |
| 080 | _a004 | ||
| 100 | 1 | _aWang, Jinyu, | |
| 245 | 1 | 0 |
_aOracle database 11g : _cJinyu Wang. |
| 260 |
_aNew York : _bMcGraw-Hill, _c2011. |
||
| 300 |
_a396 f. : _bme il.; _c23 cm. |
||
| 505 | 8 | _aIndex: f. 381 - 396 | |
| 630 | 0 | 0 | _aOracle (Computer file) |
| 650 | 0 | _aKompjuterat | |
| 650 | 0 | _aBaza e të të dhënave | |
| 650 | 0 | _aGjuha programuese | |
| 830 | 0 | _aOsborne oracle press series. | |
| 942 |
_2udc _cBK |
||
| 999 |
_c683 _d683 |
||